Влияние кристаллографической ориентации монокристаллов стали Гадфильда на их триботехнические характеристики и генерируемую в трибосопряжении акустическую эмиссию; Иерархические материалы: разработка и приложения для новых технологий и надежных конструкций

গ্রন্থ-পঞ্জীর বিবরন
Parent link:Иерархические материалы: разработка и приложения для новых технологий и надежных конструкций.— 2018.— [С. 481-482]
সংস্থা লেখক: Национальный исследовательский Томский политехнический университет (ТПУ) Юргинский технологический институт (филиал) (ЮТИ) Отделение промышленных технологий (ОПТ)
অন্যান্য লেখক: Лычагин Д. В., Филиппов А. В. Андрей Владимирович, Новицкая О. С., Колубаев Е. А. Евгений Александрович, Сизова О. В. Ольга Владимировна
সংক্ষিপ্ত:Заглавие с экрана
Режим доступа: по договору с организацией-держателем ресурса
ভাষা:রুশ
প্রকাশিত: 2018
মালা:Методы и средства неразрушающего контроля материалов и конструкций с иерархической структурой
বিষয়গুলি:
অনলাইন ব্যবহার করুন:http://dx.doi.org/10.17223/9785946217408/310
https://elibrary.ru/item.asp?id=36749159
বিন্যাস: বৈদ্যুতিক গ্রন্থের অধ্যায়
KOHA link:https://koha.lib.tpu.ru/cgi-bin/koha/opac-detail.pl?biblionumber=659914

MARC

LEADER 00000nla2a2200000 4500
001 659914
005 20240226093527.0
035 |a (RuTPU)RU\TPU\network\28735 
035 |a RU\TPU\network\28734 
090 |a 659914 
100 |a 20190404a2018 k y0rusy50 ca 
101 0 |a rus 
102 |a RU 
105 |a y z 100zy 
135 |a drgn ---uucaa 
181 0 |a i  
182 0 |a b 
200 1 |a Влияние кристаллографической ориентации монокристаллов стали Гадфильда на их триботехнические характеристики и генерируемую в трибосопряжении акустическую эмиссию  |f Д. В. Лычагин [и др.] 
203 |a Текст  |c электронный 
225 1 |a Методы и средства неразрушающего контроля материалов и конструкций с иерархической структурой 
300 |a Заглавие с экрана 
333 |a Режим доступа: по договору с организацией-держателем ресурса 
463 0 |0 (RuTPU)RU\TPU\network\28560  |t Иерархические материалы: разработка и приложения для новых технологий и надежных конструкций  |o международный симпозиум, 1-5 октября 2018 года, Томск, Россия  |o тезисы докладов международной конференции "Перспективные материалы с иерархической структурой для новых технологий и надежных конструкций"  |o тезисы докладов международной конференции "Химия нефти и газа"  |f Российская академия наук (РАН), Сибирское отделение (СО), Институт физики прочности и материаловедения (ИФПМ) ; Российская академия наук (РАН), Сибирское отделение (СО), Институт химии нефти (ИХН) ; Национальный исследовательский Томский политехнический университет (ТПУ)  |v [С. 481-482]  |d 2018 
610 1 |a электронный ресурс 
610 1 |a труды учёных ТПУ 
610 1 |a кристаллографическая ориентация 
610 1 |a монокристаллы 
610 1 |a сталь Гадфильда 
610 1 |a триботехнические характеристики 
610 1 |a трибосопряжения 
610 1 |a акустическая эмиссия 
610 1 |a аустенитные стали 
701 1 |a Лычагин  |b Д. В. 
701 1 |a Филиппов  |b А. В.  |c специалист в области машиностроения  |c ассистент Юргинского технологического института (филиала) Томского политехнического университета  |f 1988-  |g Андрей Владимирович  |3 (RuTPU)RU\TPU\pers\30615  |9 14896 
701 1 |a Новицкая  |b О. С. 
701 1 |a Колубаев  |b Е. А.  |c физик  |c инженер Томского политехнического университета, кандидат физико-математических наук   |f 1979-  |g Евгений Александрович  |3 (RuTPU)RU\TPU\pers\31434  |9 15597 
701 1 |a Сизова  |b О. В.  |c специалист в области материаловедения  |c профессор Томского политехнического университета, доктор технических наук  |f 1948-  |g Ольга Владимировна  |3 (RuTPU)RU\TPU\pers\28827 
712 0 2 |a Национальный исследовательский Томский политехнический университет (ТПУ)  |b Юргинский технологический институт (филиал) (ЮТИ)  |b Отделение промышленных технологий (ОПТ)  |3 (RuTPU)RU\TPU\col\24717 
801 2 |a RU  |b 63413507  |c 20191118  |g RCR 
856 4 |u http://dx.doi.org/10.17223/9785946217408/310 
856 4 |u https://elibrary.ru/item.asp?id=36749159 
942 |c CF